| 000 | 00471nam a2200145Ia 4500 | ||
|---|---|---|---|
| 008 | 220326s9999||||xx |||||||||||||| ||und|| | ||
| 020 | _a- | ||
| 084 | _a10224 ANO Gov Bo.6b | ||
| 100 | _aAnonim | ||
| 245 | 0 | _aPedoman Pendidikan Program Pemerintahan Integratif Fakultas Ilmu Sosial dan Ilmu Politik Universitas Mulawarman | |
| 260 |
_aSamarinda _bLab IP PIN Fisip _c2010 |
||
| 300 | _a98 | ||
| 650 |
_aGovernment (Pemerintahan) _eG-O-V _yPedoman, Pendidikan |
||
| 942 | _cBK | ||
| 999 |
_c12928 _d12928 |
||